000 00705nam a22002537a 4500
001 BR9509441
003 BR-BrBNA
005 20230928094800.0
007 ta
008 230509b bl.||||| |||| 00| 0 por d
040 _aBR-BrBNA
_bpor
_cBiblioteca Nacional de Agricultura
041 _a(Por)
072 _aH01
_b3871
090 _ 3871 BR9509441
110 1 _aInstituto de Economia Agricola, Sao Paulo, SP (Brasil)
_96029
245 1 _aIndice dos artigos sobre defensivos agricolas (agrotoxicos)
260 3 _aSao Paulo, SP (Brasil):
_c1986.
300 _a63 p.
650 _aDefensivo
650 _aAgrotoxico
650 _aIntoxicacao
909 _a202309
_bLucia
_c55
_dLucia Elande
942 _cBK
999 _c52611
_d52611